[Event "Elite Player Over 2500 A"]
[Site "SchemingMind.com"]
[Date "2023.12.17"]
[Round "-"]
[White "Rommel85"]
[Black "CapaChess"]
[Result "1/2-1/2"]
[WhiteCountry "CUB"]
[BlackCountry "CUB"]
[WhiteElo "2525"]
[WhiteRD "76"]
[BlackElo "2534"]
[BlackRD "57"]
[GameID "740314"]

1. e4 c6 2. d4 d5 3. e5 c5 4. Nf3 cxd4 5. Qxd4 Nc6 6. Qf4 e6 7. Bd3 Nb4 8. Nc3 Nxd3+ 9. cxd3 Ne7 10. Bd2 Ng6
11. Qg3 Bd7 12. h4 h5 13. Ne2 Qb6 14. Bc3 Be7 15. Nf4 Rh6 16. Ne2 Qa6 17. Rd1 Rc8 18. Ned4 Ba4 19. Rd2 b5 20. a3=
1/2-1/2

[Event "Elite Player Over 2500 A"]
[Site "SchemingMind.com"]
[Date "2023.12.18"]
[Round "-"]
[White "CapaChess"]
[Black "Rommel85"]
[Result "1/2-1/2"]
[WhiteCountry "CUB"]
[BlackCountry "CUB"]
[WhiteElo "2534"]
[WhiteRD "57"]
[BlackElo "2525"]
[BlackRD "76"]
[GameID "740315"]

1. e4 e5 2. Nf3 Nc6 3. Bc4 Bc5 4. d3 Nf6 5. O-O d6 6. c3 O-O 7. Re1 a6 8. h3 h6 9. Nbd2 Na5 10. b4 Nxc4
11. bxc5 Nxd2 12. Qxd2 dxc5 13. Nxe5 Re8 14. f4 b5 15. Qc2 c4 16. dxc4 Bb7 17. cxb5 axb5 18. Qb3 Bxe4 19. Qxf7+ Kh8 20. Be3 Qd5
21. Qxd5=
1/2-1/2

[Event "Elite Player Over 2500 A"]
[Site "SchemingMind.com"]
[Date "2023.12.18"]
[Round "-"]
[White "John Elburg"]
[Black "Rommel85"]
[Result "1/2-1/2"]
[WhiteCountry "NED"]
[BlackCountry "CUB"]
[WhiteElo "2548"]
[WhiteRD "85"]
[BlackElo "2525"]
[BlackRD "73"]
[GameID "740317"]

1. e4 e5 2. Nf3 Nc6 3. Bb5 Nf6 4. d3 Bc5 5. c3 O-O 6. O-O d6 7. Nbd2 a6 8. Ba4 h6 9. h3 Re8 10. Re1 b5
11. Bc2 Bb6 12. Nf1 d5 13. exd5 Nxd5 14. Ng3 Qd6 15. d4 Bd7 16. Ne4 Qe6 17. a4 Rad8 18. Ng3 Qd6 19. a5 Ba7 20. Qd3 Nf6
21. Nxe5 Nxe5 22. Rxe5 Rxe5 23. Bf4 Re1+ 24. Rxe1 Qxf4 25. Nh5 Qg5 26. Nxf6+ gxf6 27. Qh7+ Kf8 28. Qh8+ Qg8 29. Qxf6 Qg5 30. Qh8+ Qg8
31. Qf6 Qg5 32. Qh8+ Qg8 33. Qf6 Qg5=
1/2-1/2

[Event "Elite Player Over 2500 A"]
[Site "SchemingMind.com"]
[Date "2023.12.19"]
[Round "-"]
[White "Rommel85"]
[Black "John Elburg"]
[Result "1/2-1/2"]
[WhiteCountry "CUB"]
[BlackCountry "NED"]
[WhiteElo "2525"]
[WhiteRD "73"]
[BlackElo "2548"]
[BlackRD "85"]
[GameID "740318"]

1. e4 e5 2. Nf3 Nc6 3. Bc4 Bc5 4. c3 Nf6 5. d3 O-O 6. O-O d6 7. Re1 h6 8. Nbd2 a5 9. Nf1 Be6 10. Bb5 Ne7
11. d4 exd4 12. cxd4 Bb6 13. Ng3 d5 14. e5 Ne4 15. Bd3 Nxg3 16. hxg3 Bg4 17. Be3 a4 18. Bb5 Bd7 19. Bd3 Bg4 20. Rc1 Qd7
21. Kh2 Rfe8 22. Bc2 Bh5 23. Re2 Nf5 24. Qd3 Bg6 25. Qd1 Bh5 26. Bb1 Qe6 27. Re1 c6 28. b4 axb3 29. Qxb3 Ba5 30. Re2 Ra7
31. a4=
1/2-1/2

[Event "Elite Player Over 2500 A"]
[Site "SchemingMind.com"]
[Date "2023.12.17"]
[Round "-"]
[White "John Elburg"]
[Black "CapaChess"]
[Result "1/2-1/2"]
[WhiteCountry "NED"]
[BlackCountry "CUB"]
[WhiteElo "2559"]
[WhiteRD "109"]
[BlackElo "2528"]
[BlackRD "59"]
[GameID "740319"]

1. e4 c6 2. d4 d5 3. Nc3 dxe4 4. Nxe4 Nf6 5. Nxf6+ exf6 6. c3 Bd6 7. Bd3 O-O 8. Qc2 h5 9. Ne2 Re8 10. O-O h4
11. h3 Nd7 12. Be3 Nf8 13. Rad1 Be6 14. Rfe1 Qd7 15. Nf4 g6 16. Nxe6 Nxe6 17. Bc4 Kg7 18. d5 Nf4 19. dxc6 Qxc6 20. Bf1 Nd5
21. Bc1 Rxe1 22. Rxe1 Re8 23. Rxe8 Qxe8 24. Qe2 Qxe2 25. Bxe2 Bf4 26. Bxf4 Nxf4 27. Bf1 Nh5 28. Kh2=
1/2-1/2

[Event "Elite Player Over 2500 A"]
[Site "SchemingMind.com"]
[Date "2023.12.18"]
[Round "-"]
[White "CapaChess"]
[Black "John Elburg"]
[Result "1/2-1/2"]
[WhiteCountry "CUB"]
[BlackCountry "NED"]
[WhiteElo "2528"]
[WhiteRD "59"]
[BlackElo "2559"]
[BlackRD "109"]
[GameID "740320"]

1. e4 e5 2. Nf3 Nc6 3. Bc4 Bc5 4. d3 Nf6 5. O-O d6 6. c3 a6 7. a4 Ba7 8. h3 O-O 9. Re1 h6 10. Nbd2 Re8
11. b4 Be6 12. Bxe6 Rxe6 13. Qc2 Qd7 14. Rb1 Rd8 15. b5 Ne7 16. d4 Ng6 17. d5 Ree8 18. c4 Ra8 19. Nf1 Rec8 20. Ng3 Qd8
21. Nf5 Bc5 22. Rd1 Ra7 23. Ra1=
1/2-1/2

[Event "Elite Player Over 2500 A"]
[Site "SchemingMind.com"]
[Date "2023.12.23"]
[Round "-"]
[White "frankly"]
[Black "Rommel85"]
[Result "1/2-1/2"]
[WhiteCountry "ENG"]
[BlackCountry "CUB"]
[WhiteElo "2555"]
[WhiteRD "69"]
[BlackElo "2527"]
[BlackRD "74"]
[GameID "740386"]

1. d4 d5 2. c4 c6 3. Nf3 Nf6 4. Nc3 dxc4 5. a4 Bf5 6. Ne5 Nbd7 7. Nxc4 Nb6 8. Ne5 a5 9. h4 e6 10. f3 h6
11. e4 Bh7 12. Be3 Nfd7 13. Nd3 Bd6 14. Rh3 Qe7 15. Qb3 O-O 16. g4 Bb4 17. g5 h5 18. Rh2 e5 19. d5 Kh8 20. Nxb4 axb4
21. dxc6 bxc6 22. Nd1 f5 23. gxf6 Qxf6 24. Be2 c5 25. Bg5 Bg8 26. Qxg8+ Rxg8 27. Bxf6 gxf6 28. a5 Ra7 29. Ne3 Rga8 30. a6 c4
31. Nxc4 Rxa6 32. Rxa6 Rxa6 33. Ne3 Ra2 34. Bb5=
1/2-1/2

[Event "Elite Player Over 2500 A"]
[Site "SchemingMind.com"]
[Date "2023.12.21"]
[Round "-"]
[White "frankly"]
[Black "CapaChess"]
[Result "1/2-1/2"]
[WhiteCountry "ENG"]
[BlackCountry "CUB"]
[WhiteElo "2561"]
[WhiteRD "67"]
[BlackElo "2534"]
[BlackRD "57"]
[GameID "740388"]

1. d4 Nf6 2. c4 e6 3. Nf3 d5 4. Nc3 c6 5. e3 Nbd7 6. Qc2 Bd6 7. Bd3 dxc4 8. Bxc4 O-O 9. O-O a6 10. Rd1 b5
11. Bd3 Qc7 12. Bd2 c5 13. Ne4 c4 14. Nxd6 Qxd6 15. Be2 Bb7 16. b3 Bd5 17. Qb2 Ne4 18. Be1 Rfc8 19. Rac1 f6 20. bxc4 bxc4
21. Qa1 Qc6 22. h3 Nd6 23. Bb4 Ne4 24. Be1 Nd6 25. Nd2 Bxg2 26. d5 Bxd5 27. e4 Bxe4 28. Nxe4 Nxe4 29. Rxc4 Nec5 30. Bb4 Rc7
31. Qc3 Rac8=
1/2-1/2

[Event "Elite Player Over 2500 A"]
[Site "SchemingMind.com"]
[Date "2023.12.21"]
[Round "-"]
[White "CapaChess"]
[Black "frankly"]
[Result "1/2-1/2"]
[WhiteCountry "CUB"]
[BlackCountry "ENG"]
[WhiteElo "2534"]
[WhiteRD "57"]
[BlackElo "2561"]
[BlackRD "67"]
[GameID "740389"]

1. e4 c5 2. d4 cxd4 3. c3 dxc3 4. Nxc3 Nc6 5. Nf3 d6 6. Bc4 a6 7. O-O Nf6 8. Bf4 e6 9. Qe2 Nh5 10. Be3 Be7
11. Rfd1 Bd7 12. Nd4 g6 13. Nxc6 Bxc6 14. Bh6 Bg5 15. Bxg5 Qxg5 16. Rxd6 Ke7 17. Rdd1 Rhd8 18. Qe1 Kf8 19. Bf1 Qc5 20. Rac1 Rxd1
21. Qxd1 Qg5 22. Qd6+ Kg7 23. Rd1=
1/2-1/2

[Event "Elite Player Over 2500 A"]
[Site "SchemingMind.com"]
[Date "2024.01.01"]
[Round "-"]
[White "John Elburg"]
[Black "The Chess Machine"]
[Result "1/2-1/2"]
[WhiteCountry "NED"]
[BlackCountry "ENG"]
[WhiteElo "2546"]
[WhiteRD "91"]
[BlackElo "2513"]
[BlackRD "63"]
[GameID "740793"]

1. e4 c5 2. Nf3 d6 3. d4 cxd4 4. Nxd4 Nf6 5. Nc3 a6 6. Bg5 e6 7. f4 Qb6 8. Qd2 Qxb2 9. Rb1 Qa3 10. e5 dxe5
11. fxe5 Nfd7 12. Ne4 Qxa2 13. Rd1 h6 14. Bh4 Qd5 15. Qe3 Qxe5 16. Be2 Bc5 17. Bg3 Qd5 18. c4 Bxd4 19. Rxd4 Qa5+ 20. Rd2 O-O
21. Bd6 f5 22. Bxf8 Nxf8 23. Nd6 Nbd7 24. g4 fxg4 25. Bxg4 Ne5 26. Be2 Qa1+=
1/2-1/2

[Event "Elite Player Over 2500 A"]
[Site "SchemingMind.com"]
[Date "2024.01.01"]
[Round "-"]
[White "The Chess Machine"]
[Black "John Elburg"]
[Result "1/2-1/2"]
[WhiteCountry "ENG"]
[BlackCountry "NED"]
[WhiteElo "2513"]
[WhiteRD "63"]
[BlackElo "2546"]
[BlackRD "91"]
[GameID "740794"]

1. d4 d5 2. c4 c6 3. Nc3 Nf6 4. e3 e6 5. Nf3 Nbd7 6. Bd3 dxc4 7. Bxc4 b5 8. Bd3 Bb7 9. e4 b4 10. Na4 c5
11. e5 Nd5 12. O-O cxd4 13. Nxd4 Nxe5 14. Bb5+ Nd7 15. Re1 Rc8 16. b3 Be7 17. Rxe6 O-O 18. Nc6 Bxc6 19. Rxc6 N7f6 20. Bb2 Rxc6
21. Bxc6 Qd6 22. Bxf6 Nxf6 23. Qxd6 Bxd6 24. Rd1 Be7=
1/2-1/2

[Event "Elite Player Over 2500 A"]
[Site "SchemingMind.com"]
[Date "2024.01.02"]
[Round "-"]
[White "The Chess Machine"]
[Black "frankly"]
[Result "1/2-1/2"]
[WhiteCountry "ENG"]
[BlackCountry "ENG"]
[WhiteElo "2513"]
[WhiteRD "63"]
[BlackElo "2561"]
[BlackRD "67"]
[GameID "740795"]

1. d4 Nf6 2. c4 e6 3. Nf3 d5 4. g3 Bb4+ 5. Bd2 Be7 6. Bg2 c6 7. Qc2 b6 8. O-O O-O 9. Rd1 Nbd7 10. Bf4 Bb7
11. Ne5 Nh5 12. Bd2 Nhf6 13. cxd5 cxd5 14. Nc6 Bxc6 15. Qxc6 Rc8 16. Qa4 Rc4 17. Qxa7 Rxd4 18. Nc3 Rc4 19. Rac1 Rc8 20. Qa4 Rc4
21. Qa7=
1/2-1/2

[Event "Elite Player Over 2500 A"]
[Site "SchemingMind.com"]
[Date "2024.01.01"]
[Round "-"]
[White "The Chess Machine"]
[Black "Rommel85"]
[Result "1/2-1/2"]
[WhiteCountry "ENG"]
[BlackCountry "CUB"]
[WhiteElo "2518"]
[WhiteRD "65"]
[BlackElo "2525"]
[BlackRD "73"]
[GameID "740797"]

1. d4 d5 2. c4 c6 3. Nc3 e6 4. e4 dxe4 5. Nxe4 Bb4+ 6. Bd2 Qxd4 7. Bxb4 Qxe4+ 8. Be2 Na6 9. Ba5 b6 10. Qd6 Bd7
11. Rd1 O-O-O 12. Bc3 Nf6 13. Qa3 Kb7 14. Nf3 e5 15. Nxe5 Bg4 16. Qe7+ Nc7 17. f3 Rxd1+ 18. Kxd1 Qb1+ 19. Kd2 Qxh1 20. Nxf7 Bh5
21. Nd6+ Kb8 22. g4 Qxh2 23. Be5 Qh4 24. Kd1 Qh1+=
1/2-1/2

[Event "Elite Player Over 2500 A"]
[Site "SchemingMind.com"]
[Date "2024.01.01"]
[Round "-"]
[White "Rommel85"]
[Black "The Chess Machine"]
[Result "1/2-1/2"]
[WhiteCountry "CUB"]
[BlackCountry "ENG"]
[WhiteElo "2525"]
[WhiteRD "73"]
[BlackElo "2518"]
[BlackRD "65"]
[GameID "740798"]

1. d4 d5 2. c4 e6 3. Nc3 Nf6 4. cxd5 exd5 5. Bg5 c6 6. e3 h6 7. Bh4 Be7 8. Bd3 O-O 9. Qc2 Re8 10. Nge2 Nbd7
11. O-O Nh5 12. Bxe7 Qxe7 13. Bh7+ Kh8 14. Bd3 Nb6 15. h3 Kg8 16. a3 Bd7 17. b4 Qg5 18. Kh2 Nc4 19. a4 a5 20. b5 cxb5
21. axb5 Rec8 22. Rfc1 Be6 23. Qa2 Qh4 24. Kg1 Qg5 25. Kh2=
1/2-1/2

[Event "Elite Player Over 2500 A"]
[Site "SchemingMind.com"]
[Date "2024.01.01"]
[Round "-"]
[White "The Chess Machine"]
[Black "CapaChess"]
[Result "1/2-1/2"]
[WhiteCountry "ENG"]
[BlackCountry "CUB"]
[WhiteElo "2513"]
[WhiteRD "63"]
[BlackElo "2534"]
[BlackRD "57"]
[GameID "740799"]

1. d4 Nf6 2. c4 e6 3. Nf3 d5 4. g3 Bb4+ 5. Bd2 Be7 6. Bg2 Nbd7 7. O-O O-O 8. Qc2 c6 9. Bf4 b6 10. Rd1 Bb7
11. Ne5 Nh5 12. Bd2 Nhf6 13. cxd5 cxd5 14. Nc6 Bxc6 15. Qxc6 a6 16. e3 b5 17. Rc1 h5 18. a4 Qb8 19. axb5 Qxb5 20. Qxb5 axb5
21. Nc3 b4 22. Nd1 g5 23. Kf1=
1/2-1/2

[Event "Elite Player Over 2500 A"]
[Site "SchemingMind.com"]
[Date "2024.01.01"]
[Round "-"]
[White "CapaChess"]
[Black "The Chess Machine"]
[Result "1/2-1/2"]
[WhiteCountry "CUB"]
[BlackCountry "ENG"]
[WhiteElo "2534"]
[WhiteRD "57"]
[BlackElo "2513"]
[BlackRD "63"]
[GameID "740800"]

1. d4 d5 2. Bf4 Nf6 3. e3 e6 4. Nf3 Bd6 5. Bb5+ Bd7 6. Bd3 Bxf4 7. exf4 c5 8. dxc5 Qc7 9. g3 Qxc5 10. Nbd2 Qb6
11. Nb3 Bb5 12. Nbd4 Bxd3 13. cxd3 Qxb2 14. O-O O-O 15. Qa4 Nbd7 16. Rab1 Qc3 17. Rxb7 Nc5 18. Qc6 Rac8 19. Rc7 Rxc7 20. Qxc7 h6
21. Rd1 Qb4 22. Kg2 Qb6 23. Qe5 a5=
1/2-1/2

[Event "Elite Player Over 2500 A"]
[Site "SchemingMind.com"]
[Date "2024.01.03"]
[Round "-"]
[White "John Elburg"]
[Black "Keithk"]
[Result "1/2-1/2"]
[WhiteCountry "NED"]
[BlackCountry "ENG"]
[WhiteElo "2548"]
[WhiteRD "85"]
[BlackElo "2538"]
[BlackRD "64"]
[GameID "740802"]

1. e4 e5 2. Nf3 Nc6 3. Bb5 Nf6 4. d3 Bc5 5. c3 d5 6. exd5 Qxd5 7. Bc4 Qd6 8. b4 Bb6 9. a4 O-O 10. Nbd2 Bf5
11. Ba3 e4 12. dxe4 Nxe4 13. Nxe4 Bxe4 14. Qxd6 cxd6 15. O-O-O Rac8 16. Bd5 Bxd5 17. Rxd5 Ne5 18. Nxe5 dxe5 19. Kb2 Rfd8 20. Rxe5 Rxc3
21. Rd1 Rcc8 22. Rxd8+ Rxd8 23. Re2=
1/2-1/2

[Event "Elite Player Over 2500 A"]
[Site "SchemingMind.com"]
[Date "2024.01.01"]
[Round "-"]
[White "Keithk"]
[Black "John Elburg"]
[Result "1/2-1/2"]
[WhiteCountry "ENG"]
[BlackCountry "NED"]
[WhiteElo "2528"]
[WhiteRD "70"]
[BlackElo "2548"]
[BlackRD "86"]
[GameID "740803"]

1. d4 d5 2. Nf3 Nf6 3. Bf4 c5 4. e3 Nc6 5. Nbd2 e6 6. c3 Bd6 7. Bg3 O-O 8. Bd3 b6 9. Qe2 Bb7 10. Rd1 Ne7
11. Bxd6 Qxd6 12. O-O Qc7 13. Ne5 a5 14. Rfe1 c4 15. Bc2 b5 16. f3 b4 17. e4 Rab8 18. exd5 Bxd5 19. Nexc4 Bxc4 20. Qxc4 Qxc4
21. Nxc4 bxc3 22. bxc3 Nfd5 23. Rc1 Rfc8 24. Bd3 a4 25. Rc2 Rc6 26. Kf2 Rbc8 27. Ne3 Rxc3 28. Rec1 Rxc2+ 29. Rxc2 Rb8 30. Be4 g5
31. Bxd5 Nxd5 32. Nxd5 exd5= 33. Rc5 Rb2+ 34. Kg3 Rxa2 35. Rxd5 f6 36. Rd7 a3 37. Ra7 Rd2 38. Rxa3 Rxd4 39. Ra7 h5 40. h3 h4+
41. Kh2 Rb4 42. Kg1 Rb1+ 43. Kh2 Rb2 44. Re7 Rd2 45. Rb7 Ra2 46. Kg1 Ra1+ 47. Kh2=
1/2-1/2

[Event "Elite Player Over 2500 A"]
[Site "SchemingMind.com"]
[Date "2024.01.03"]
[Round "-"]
[White "The Chess Machine"]
[Black "Keithk"]
[Result "1/2-1/2"]
[WhiteCountry "ENG"]
[BlackCountry "ENG"]
[WhiteElo "2518"]
[WhiteRD "65"]
[BlackElo "2538"]
[BlackRD "64"]
[GameID "740804"]

1. d4 Nf6 2. c4 e6 3. Nf3 d5 4. g3 Bb4+ 5. Bd2 Be7 6. Bg2 c6 7. Qc2 b6 8. O-O O-O 9. Rd1 Nbd7 10. Bf4 Bb7
11. Ne5 Nh5 12. Bd2 Nhf6 13. cxd5 cxd5 14. Nc6 Bxc6 15. Qxc6 Rc8 16. Qa4 Rc4 17. Qxa7 Rxd4 18. Nc3 Rc4 19. Rac1 Rc8 20. Qa4 h6
21. b4 Rc4 22. Nb5 Nc5 23. Qa3 Rxc1 24. Rxc1 Qd7 25. Nd4 Nce4 26. Be1 Qb7 27. Nc6 b5 28. Qa5 Nd6 29. a4 bxa4 30. Qxa4 Re8
31. e3 Bf8 32. Bf1 Ra8 33. Na5 Qd7 34. Qxd7=
1/2-1/2

[Event "Elite Player Over 2500 A"]
[Site "SchemingMind.com"]
[Date "2024.01.01"]
[Round "-"]
[White "Keithk"]
[Black "The Chess Machine"]
[Result "1/2-1/2"]
[WhiteCountry "ENG"]
[BlackCountry "ENG"]
[WhiteElo "2538"]
[WhiteRD "64"]
[BlackElo "2518"]
[BlackRD "65"]
[GameID "740805"]

1. e4 c5 2. Nf3 d6 3. d4 cxd4 4. Nxd4 Nf6 5. Nc3 a6 6. Bd3 e5 7. Nde2 Be7 8. O-O Be6 9. f4 exf4 10. Bxf4 Nc6
11. Kh1 O-O 12. Be3 Ne5 13. Nf4 Rc8 14. h3 Nfd7 15. a4 Nc4 16. Bxc4 Bxc4 17. Rf3 Ne5 18. Rf2 Rc6 19. Kh2 Bh4 20. g3 Bg5
21. Bd4 f5 22. exf5 Rxf5 23. b3 Bf7 24. Ncd5 Ng6 25. Qg4 Nxf4 26. Nb4 h5 27. Qxf5 Bg6 28. Nxc6 bxc6 29. Bb6 Qxb6 30. Qc8+ Kh7
31. Raf1 Qe3 32. gxf4 Bh4 33. Rg2 Be4 34. Qd7 Bg3+ 35. Rxg3 Qd2+ 36. Kg1 Qd4+ 37. Rf2 Qa1+ 38. Rf1 Qd4+=
1/2-1/2

[Event "Elite Player Over 2500 A"]
[Site "SchemingMind.com"]
[Date "2024.01.01"]
[Round "-"]
[White "Keithk"]
[Black "CapaChess"]
[Result "1/2-1/2"]
[WhiteCountry "ENG"]
[BlackCountry "CUB"]
[WhiteElo "2538"]
[WhiteRD "64"]
[BlackElo "2527"]
[BlackRD "62"]
[GameID "740810"]

1. d4 Nf6 2. Nf3 d5 3. Bf4 c5 4. e3 e6 5. Nbd2 Qb6 6. Rb1 Bd6 7. dxc5 Qxc5 8. b4 Qc7 9. Bxd6 Qxd6 10. c4 O-O
11. Be2 b6 12. O-O a5 13. b5 Bb7 14. cxd5 Qxd5 15. Nc4 Nbd7 16. Qb3 Qc5 17. Rfc1 Rfc8 18. Qd1 Qf8 19. Nce5 Rxc1 20. Rxc1 Bxf3
21. Nxf3 Rd8 22. Rc2 Nc5 23. Qc1 Rd5= 24. Nd2 h6 25. g3 Qe7 26. Bf3 Rd8 27. Nc4 Nd3 28. Qb1 Nd7 29. Be2 N3e5 30. Nxe5 Nxe5
31. Qb2 Nd3 32. Bxd3 Rxd3 33. Rc8+ Rd8 34. Qc2 g6 35. h3 Rxc8 36. Qxc8+ Kg7 37. Qc6 Qd8 38. Qc3+ Qf6 39. Qc4 Qa1+ 40. Kg2 Qe5
41. Qc6 a4 42. a3 Qb2 43. Qxb6 Qxa3 44. Qd4+ Kg8 45. Qa7 Qb3 46. Qb8+ Kg7 47. Qe5+ Kg8 48. Qb8+ Kg7 49. b6 Qd5+ 50. Kg1 Qd1+
51. Kh2 Qc2 52. Qe5+ Kg8 53. Qb8+ Kg7 54. Qe5+ Kg8=
1/2-1/2

[Event "Elite Player Over 2500 A"]
[Site "SchemingMind.com"]
[Date "2024.01.03"]
[Round "-"]
[White "CapaChess"]
[Black "Keithk"]
[Result "1/2-1/2"]
[WhiteCountry "CUB"]
[BlackCountry "ENG"]
[WhiteElo "2527"]
[WhiteRD "62"]
[BlackElo "2538"]
[BlackRD "64"]
[GameID "740811"]

1. d4 Nf6 2. Bf4 d5 3. e3 c5 4. dxc5 e6 5. b4 a5 6. c3 axb4 7. cxb4 Bd7 8. Nd2 b6 9. cxb6 Bxb4 10. Bc7 Qe7
11. Nf3 Ba4 12. Qc1 O-O 13. Be2 Ba3 14. Qc3 Bb4 15. Qc1= Bd6 16. O-O Bxc7 17. Qxc7 Qxc7 18. bxc7 Nc6 19. Nb3 Ne4 20. Nfd4 Nxd4
21. Nxd4 Nd6 22. Rfc1= Rfc8 23. f3 Ra7 24. Rab1 Kf8 25. Rb8 Rxc7 26. Rxc8+ Rxc8 27. Rxc8+ Nxc8 28. f4 Ke7 29. Kf1 Kd6 30. Bd3 h6
31. Ke1 Kc5 32. Kd2 Kb4 33. f5 Bd7 34. fxe6 fxe6 35. Nc2+ Kc5 36. Nd4 Ne7 37. Nb3+ Kb4 38. e4 Nc6 39. Be2 d4 40. e5 Bc8
41. h4 Ka3 42. Bb5 Nxe5 43. Nxd4 Bb7 44. g3 Bd5 45. Kc3 Kxa2 46. Ba4 g5 47. hxg5 hxg5 48. Bb3+ Bxb3 49. Nxb3 Nd7 50. Nd4 e5
51. Nc6 Kb1 52. Kd3 Nf6 53. Nxe5 Kc1=
1/2-1/2

[Event "Elite Player Over 2500 A"]
[Site "SchemingMind.com"]
[Date "2024.01.06"]
[Round "-"]
[White "John Elburg"]
[Black "Matthew Bailey"]
[Result "1/2-1/2"]
[WhiteCountry "NED"]
[BlackCountry "ENG"]
[WhiteElo "2546"]
[WhiteRD "91"]
[BlackElo "2547"]
[BlackRD "71"]
[GameID "740918"]

1. e4 e5 2. Nf3 Nc6 3. Bb5 a6 4. Ba4 Nf6 5. O-O Nxe4 6. d4 b5 7. Bb3 d5 8. dxe5 Be6 9. Nbd2 Nc5 10. c3 d4
11. Bxe6 Nxe6 12. cxd4 Ncxd4 13. a4 Bb4 14. axb5 Nxb5 15. Qa4 c5 16. Ne4 O-O 17. Rd1 Qb6 18. Be3 Nbd4 19. Nd6 h6 20. Qa2 a5
21. Qc4 Rfd8 22. Rac1 Rd7 23. Bxd4 cxd4 24. Nxd4 Nxd4 25. Qxd4 Qxd4 26. Rxd4 Rb8 27. Rcd1 Rbd8 28. Nf5 Rxd4 29. Rxd4 Rc8 30. h4 Rc2
31. Rg4 Rxb2 32. Rxg7+ Kf8 33. Rh7 Kg8 34. Rg7+=
1/2-1/2

[Event "Elite Player Over 2500 A"]
[Site "SchemingMind.com"]
[Date "2024.01.06"]
[Round "-"]
[White "Matthew Bailey"]
[Black "John Elburg"]
[Result "1/2-1/2"]
[WhiteCountry "ENG"]
[BlackCountry "NED"]
[WhiteElo "2547"]
[WhiteRD "71"]
[BlackElo "2546"]
[BlackRD "91"]
[GameID "740919"]

1. d4 d5 2. c4 c6 3. Nc3 Nf6 4. Nf3 e6 5. g3 Nbd7 6. Bg2 dxc4 7. O-O Be7 8. e4 O-O 9. a4 b6 10. Qe2 a5
11. Rd1 Ba6 12. Bf4 Re8 13. Nd2 Bf8 14. Nxc4 Nd5 15. Bd2 Rc8 16. b3 h6 17. Rac1 c5 18. Nb5 Bxb5 19. axb5 cxd4 20. Nxa5 bxa5
21. exd5 exd5 22. Qf3 Nc5 23. Qxd5 Qf6 24. Qf3 Qxf3 25. Bxf3 Nxb3 26. Rxc8 Rxc8 27. b6 Rb8 28. b7 Bd6 29. Bd5 a4 30. f4 Nc5
31. Rb1 a3 32. Bb4 a2 33. Bxa2 Rxb7 34. Bxc5 Rxb1+ 35. Bxb1 Bxc5 36. Bd3 Kf8=
1/2-1/2

[Event "Elite Player Over 2500 A"]
[Site "SchemingMind.com"]
[Date "2024.01.06"]
[Round "-"]
[White "The Chess Machine"]
[Black "Matthew Bailey"]
[Result "1/2-1/2"]
[WhiteCountry "ENG"]
[BlackCountry "ENG"]
[WhiteElo "2513"]
[WhiteRD "63"]
[BlackElo "2547"]
[BlackRD "71"]
[GameID "740920"]

1. d4 Nf6 2. c4 e6 3. Nf3 d5 4. g3 Bb4+ 5. Bd2 a5 6. Bg2 O-O 7. Qc2 c5 8. cxd5 cxd4 9. Nxd4 Qb6 10. e3 exd5
11. O-O Nc6 12. Nxc6 bxc6 13. Rc1 Rb8 14. Bxb4 Qxb4 15. b3 h5 16. Nd2 Bd7 17. Nf3 Rfc8 18. Ne5 Qd6 19. Nxd7 Qxd7 20. h3 c5
21. Rd1=
1/2-1/2

[Event "Elite Player Over 2500 A"]
[Site "SchemingMind.com"]
[Date "2024.01.06"]
[Round "-"]
[White "Matthew Bailey"]
[Black "The Chess Machine"]
[Result "1/2-1/2"]
[WhiteCountry "ENG"]
[BlackCountry "ENG"]
[WhiteElo "2547"]
[WhiteRD "71"]
[BlackElo "2513"]
[BlackRD "63"]
[GameID "740921"]

1. e4 e5 2. Nf3 Nc6 3. Bb5 a6 4. Ba4 Nf6 5. O-O Be7 6. d3 b5 7. Bb3 d6 8. Bd2 Bg4 9. c3 Na5 10. Bc2 c5
11. h3 Bh5 12. Re1 O-O 13. Bc1 Qc7 14. Nbd2 Rad8 15. Nf1 Rfe8 16. Bd2 c4 17. Ng3 cxd3 18. Nxh5 dxc2 19. Nxf6+ Bxf6 20. Qxc2 Nc4
21. a4=
1/2-1/2

[Event "Elite Player Over 2500 A"]
[Site "SchemingMind.com"]
[Date "2024.01.06"]
[Round "-"]
[White "Keithk"]
[Black "Matthew Bailey"]
[Result "1/2-1/2"]
[WhiteCountry "ENG"]
[BlackCountry "ENG"]
[WhiteElo "2538"]
[WhiteRD "64"]
[BlackElo "2538"]
[BlackRD "65"]
[GameID "740924"]

1. d4 Nf6 2. Nf3 d5 3. Bf4 e6 4. e3 c5 5. c3 Bd6 6. Bg3 O-O 7. Bd3 Qc7 8. Nbd2 Nbd7 9. Bxd6 Qxd6 10. O-O b6
11. Qe2 Bb7 12. Rfe1 e5 13. e4 dxe4 14. Nxe4 Bxe4 15. Bxe4 Nxe4 16. dxe5 Nxe5 17. Qxe4 Nxf3+ 18. Qxf3 Rae8 19. Red1 Qh6 20. g3 Qe6
21. Kg2 Qe2 22. b4 g6 23. bxc5 bxc5 24. Rd5 Re5 25. Rxe5 Qxe5 26. Rd1 Qc7 27. a4 Rd8 28. Rb1 Rb8 29. Re1 h5 30. c4 a5=
1/2-1/2

[Event "Elite Player Over 2500 A"]
[Site "SchemingMind.com"]
[Date "2024.01.06"]
[Round "-"]
[White "Matthew Bailey"]
[Black "Keithk"]
[Result "1/2-1/2"]
[WhiteCountry "ENG"]
[BlackCountry "ENG"]
[WhiteElo "2538"]
[WhiteRD "65"]
[BlackElo "2538"]
[BlackRD "64"]
[GameID "740925"]

1. e4 e5 2. Nf3 Nc6 3. Bb5 Nf6 4. O-O Nxe4 5. Re1 Nd6 6. Nxe5 Be7 7. Bf1 Nxe5 8. Rxe5 O-O 9. d4 Bf6 10. Re1 Re8
11. Bf4 Rxe1 12. Qxe1 Bxd4 13. Nc3 Ne8 14. Nd5 d6 15. Bg5 f6 16. Bh4 g5 17. Qe4 Bxb2 18. Re1 Be5 19. f4 gxh4 20. fxe5 dxe5
21. Bd3 Kf8 22. Ne3 Qe7 23. Qxh4 Be6 24. Bxh7 Rd8 25. Rf1 Qg7 26. Qb4+ Nd6 27. Bf5 Qg5 28. Rf3 a5 29. Qd2 Bxf5 30. Rxf5 Nxf5
31. Qxd8+ Kf7 32. Qxc7+ Kg6 33. Nxf5 Qc1+ 34. Kf2 Qf4+ 35. Kg1 Qxf5 36. Qxa5 Qxc2 37. Qd5 e4 38. a4 Qxa4 39. Qxb7 Qd4+ 40. Kf1 Qd1+
41. Kf2 Qc2+ 42. Ke3 Qd3+ 43. Kf2 Qd2+ 44. Kf1 Qd1+ 45. Kf2=
1/2-1/2

[Event "Elite Player Over 2500 A"]
[Site "SchemingMind.com"]
[Date "2024.01.06"]
[Round "-"]
[White "Matthew Bailey"]
[Black "Rommel85"]
[Result "1/2-1/2"]
[WhiteCountry "ENG"]
[BlackCountry "CUB"]
[WhiteElo "2538"]
[WhiteRD "65"]
[BlackElo "2525"]
[BlackRD "73"]
[GameID "740926"]

1. d4 d5 2. c4 c6 3. Nc3 e6 4. e4 dxe4 5. Nxe4 Bb4+ 6. Nc3 e5 7. Be3 exd4 8. Qxd4 Qxd4 9. Bxd4 Nf6 10. O-O-O Be6
11. Nf3 Nbd7 12. Ng5 Nc5 13. Nxe6 Nxe6 14. Bxf6 gxf6 15. Kc2 h5 16. Ne4 Rd8 17. Rxd8+ Kxd8 18. Nxf6 Ke7 19. a3 Bxa3 20. Nxh5 Bxb2
21. Kxb2 Rxh5 22. h4 Nc5=
1/2-1/2

[Event "Elite Player Over 2500 A"]
[Site "SchemingMind.com"]
[Date "2024.01.06"]
[Round "-"]
[White "Rommel85"]
[Black "Matthew Bailey"]
[Result "1/2-1/2"]
[WhiteCountry "CUB"]
[BlackCountry "ENG"]
[WhiteElo "2525"]
[WhiteRD "73"]
[BlackElo "2538"]
[BlackRD "65"]
[GameID "740927"]

1. e4 e5 2. Nf3 Nc6 3. Bc4 Bc5 4. c3 Nf6 5. d3 d6 6. O-O O-O 7. Re1 a5 8. h3 h6 9. Bb3 Re8 10. a4 Ba7
11. Bc2 d5 12. exd5 Qxd5 13. Na3 Bf5 14. Nb5 Bb8 15. Be3 Bg6 16. Nh4 Bh7 17. Nf3 Bg6 18. Nh4=
1/2-1/2